Klik om te Vertalen - Duits - Statistieken

Algemene statistieken
  • Deze quiz is 627 keer genomen
  • De gemiddelde score is 18 van 20
Antwoordstatistieken
Hint Antwoord % Correct
Zondag Sonntag
94%
Donker Dunkel
93%
Vliegtuig Flugzeug
93%
School Schule
93%
Straat Straße
93%
Oog Auge
92%
Bloem Blume
92%
Hemel Himmel
92%
Maand Monat
92%
Brug Brücke
90%
Schaap Schaf
87%
Spoorweg Eisenbahn
86%
Televisie Fernseher
86%
Zus Schwester
85%
Vandaag Heute
84%
Rivier Fluss
83%
Paars Lila
83%
Leger Armee
82%
Jurk Kleid
81%
Kopje Tasse
71%
Geen overeenkomende quizzen gevonden
Scoreverdeling
Procent van Mensen met Elke Score
Percentiel versus Aantal Correcte Antwoorden
Uw Scoregeschiedenis
U heeft deze quiz nog niet genomen